Cours d'algébre

Gespeichert in:
Bibliographische Detailangaben
1. Verfasser: Godement, Roger (VerfasserIn)
Format: Buch
Sprache:Französisch
Veröffentlicht: París Hermann 1966
Ausgabe:3a. ed
Schlagworte:
Tags: Tag hinzufügen
Keine Tags, Fügen Sie den ersten Tag hinzu!

MARC

LEADER 00000nam a2200000 a 4500
001 UCP0769
003 CL-VaPUC
008 990319e19660000FR |||||||||||||||||fre|d
082 0 4 |a 512  |b GOD  |2 21 
100 |a Godement, Roger  |e author  |9 426290 
245 1 0 |a Cours d'algébre 
250 |a 3a. ed 
300 |a 670 p 
942 |c BK 
945 |d 19990319 00:00:00  |a crobeson 
260 |a París  |b Hermann  |c 1966 
650 0 |a Álgebra  |9 259567 
650 0 |a Lógica matemática   |9 262442 
650 0 |a Funciones   |9 263869 
650 0 |a Estructuras algebraicas  |9 422373 
650 7 |a GRUPOS  |2 CL-VaPUC  |9 336429 
650 0 |a Anillos  |9 374316 
650 0 |a Números complejos  |9 270335 
650 0 |a Espacios vectoriales   |9 21 
650 0 |a Matrices   |9 22 
650 0 |a Álgebra lineal   |9 260445 
583 |a last modification  |c 19990319 00:00:00  |k Rodrigo Vera 
999 |c 279516  |d 279514 
952 |0 0  |1 0  |4 0  |6 512_000000000000000_GOD_1966  |7 0  |8 A  |9 319070  |a BIBMAT  |b BIBMAT  |d 2019-11-20  |i 1330187  |o 512 GOD 1966  |p 1330187  |r 2025-01-07  |w 2019-11-20  |y BK  |k MAT